|
|
|
|
| LEADER |
00000cam a22000004a 4500 |
| 001 |
musev2_84439 |
| 003 |
MdBmJHUP |
| 005 |
20230905052703.0 |
| 006 |
m o d |
| 007 |
cr||||||||nn|n |
| 008 |
101115s1990 azu o 00 0 eng d |
| 020 |
|
|
|a 9780816545919
|
| 020 |
|
|
|z 9780816510238
|
| 020 |
|
|
|z 9780816516872
|
| 035 |
|
|
|a (OCoLC)1273306020
|
| 040 |
|
|
|a MdBmJHUP
|c MdBmJHUP
|
| 100 |
1 |
|
|a Johns, Timothy,
|d 1950-
|
| 245 |
1 |
0 |
|a The Origins of Human Diet and Medicine :
|b Chemical Ecology /
|c Timothy Johns.
|
| 264 |
|
1 |
|a Tucson :
|b University of Arizona Press,
|c 1990.
|
| 264 |
|
3 |
|a Baltimore, Md. :
|b Project MUSE,
|c 2021
|
| 264 |
|
4 |
|c ©1990.
|
| 300 |
|
|
|a 1 online resource (375 pages):
|b illustrations.
|
| 336 |
|
|
|a text
|b txt
|2 rdacontent
|
| 337 |
|
|
|a computer
|b c
|2 rdamedia
|
| 338 |
|
|
|a online resource
|b cr
|2 rdacarrier
|
| 490 |
0 |
|
|a Arizona studies in human ecology
|
| 588 |
|
|
|a Description based on print version record.
|
| 650 |
|
7 |
|a SOCIAL SCIENCE / General
|2 bisacsh
|
| 650 |
|
7 |
|a Ernährung
|2 gnd
|
| 650 |
|
7 |
|a Volksmedizin
|2 gnd
|
| 650 |
|
7 |
|a Pflanzengift
|2 gnd
|
| 650 |
|
7 |
|a Ethnobotanik
|2 gnd
|
| 650 |
|
7 |
|a Paläanthropologie
|2 gnd
|
| 650 |
|
7 |
|a Traditional medicine.
|2 fast
|0 (OCoLC)fst01153974
|
| 650 |
|
7 |
|a Prehistoric peoples
|x Food.
|2 fast
|0 (OCoLC)fst01075245
|
| 650 |
|
7 |
|a Plant toxins.
|2 fast
|0 (OCoLC)fst01065724
|
| 650 |
|
7 |
|a Ethnobotany.
|2 fast
|0 (OCoLC)fst00916074
|
| 650 |
|
7 |
|a Chemical ecology.
|2 fast
|0 (OCoLC)fst00852881
|
| 650 |
|
6 |
|a Plantes
|x Toxines.
|
| 650 |
|
6 |
|a Ethnobotanique.
|
| 650 |
|
2 |
|a Plants, Toxic.
|
| 650 |
|
2 |
|a Plants, Medicinal.
|
| 650 |
|
2 |
|a Medicine, Traditional
|x history.
|
| 650 |
|
2 |
|a Diet
|x history.
|
| 650 |
|
2 |
|a Anthropology, Cultural.
|
| 650 |
|
2 |
|a Adaptation, Biological.
|
| 650 |
|
0 |
|a Chemical ecology.
|
| 650 |
|
0 |
|a Traditional medicine.
|
| 650 |
|
0 |
|a Plant toxins.
|
| 650 |
|
0 |
|a Prehistoric peoples
|x Food.
|
| 650 |
|
0 |
|a Ethnobotany.
|
| 600 |
0 |
6 |
|a Chimie ecologique.
|
| 655 |
|
7 |
|a Electronic books.
|2 local
|
| 740 |
0 |
|
|a Chemical ecology and the origins of human diet and medicine.
|
| 710 |
2 |
|
|a Project Muse.
|e distributor
|
| 830 |
|
0 |
|a Book collections on Project MUSE.
|
| 856 |
4 |
0 |
|z Texto completo
|u https://projectmuse.uam.elogim.com/book/84439/
|
| 945 |
|
|
|a Project MUSE - Custom Collection
|